00421nam a2200181Ia 4500003000900000008004100009040001300050040001300063041000800076100002800084100000900112245006800121250001000189260001500199260000900214300001000223490000600233IT-RoPAU120407s9999 xx 000 0 und d aIT-RoPAU cIT-RoPAU afra aLéonce De Grandmaison cs.j. aJésus Christ, sa personne, son message, ses preuves. 23. ed.  aParis aBeauchesne c1941 c25 cm v2